Welcome to CU Library Online Public Access Catalogue (OPAC)

BAPTISM (Record no. 6204)

MARC details
000 -LEADER
fixed length control field 00330nam a22001337a 4500
005 - DATE AND TIME OF LATEST TRANSACTION
control field 20250603115205.0
008 - FIXED-LENGTH DATA ELEMENTS--GENERAL INFORMATION
fixed length control field 250603b |||||||| |||| 00| 0 eng d
050 ## - LIBRARY OF CONGRESS CALL NUMBER
Classification number BV811
Item number .2.M3 MAR
100 ## - MAIN ENTRY--PERSONAL NAME
Personal name MARTY, MARTIN E.
245 ## - TITLE STATEMENT
Title BAPTISM
260 ## - PUBLICATION, DISTRIBUTION, ETC.
Place of publication, distribution, etc. PHILADELPHIA
Name of publisher, distributor, etc. MUHLENBERG PRESS
Date of publication, distribution, etc. c1962
300 ## - PHYSICAL DESCRIPTION
Extent ix, 61p
942 ## - ADDED ENTRY ELEMENTS (KOHA)
Source of classification or shelving scheme Library of Congress Classification
Koha item type Books
Suppress in OPAC No
999 ## -
-- 6204
-- 6204
Holdings
Withdrawn status Lost status Source of classification or shelving scheme Damaged status Not for loan Collection Home library Current library Shelving location Date acquired Total checkouts Full call number Barcode Date last seen Copy number Price effective from Koha item type
    Library of Congress Classification     Non-fiction Undergraduate Library (Christ Temple) Undergraduate Library (Christ Temple) General stacks 06/03/2025   BV811.2M3 MAR ulct00002930 06/03/2025 1 06/03/2025 Books
© 2023-2024 Copyright: Central University Libraries. All Rights Reserved | Created by: Mahone Tech Office